00444 2200169 4500001002100000005001500021035001900036245005800055100001800113300003800131260004600169082000700215084001300222022001200235863001400247990001300261INLIS00000000000291220260401091021$a 0010-0426000003$a Pemanasan Global dan Musim di Bumi! /$c Bhakti Karyono$a Bhakti Karyono$a 50 hlm : $b ilus ; $c 21 x 27.5 cm$a Jakarta :$b PT Kuark Internasional,$c 2026$a 050$a 050 BHA p$a 16939964$a Maret 2026$a MK08/2026